| 000 | 00551nam a22001697a 4500 | ||
|---|---|---|---|
| 003 | MACL | ||
| 005 | 20160723123555.0 | ||
| 008 | 160723b xxu||||| |||| 00| 0 eng d | ||
| 040 | _cMACL | ||
| 041 | _aHindi | ||
| 082 | _a891.431 BIS | ||
| 100 |
_aबिस्मिल, रामप्रसाद _961452 |
||
| 245 |
_aमन की लहर _cरामप्रसाद बिस्मिल |
||
| 260 |
_aनई दिल्ली _bप्रवीण प्रकाशन _c2014 |
||
| 650 |
_aकविता _9226 |
||
| 942 |
_2ddc _cHIN |
||
| 999 |
_c54761 _d54761 |
||